Capital Cities Beginning With "PORT" - Statistics

General Stats
  • This quiz has been taken 585 times
  • The average score is 4 of 6
Answer Stats
Country Capital City % Correct
Haiti Port au Prince
91%
Trinidad and Tobago Port of Spain
81%
Papua New Guinea Port Moresby
78%
Mauritius Port Louis
70%
Vanuatu Port Vila
63%
Benin Porto Novo
56%
No matching quizzes found
Score Distribution
Percent of People with Each Score
Percentile by Number Answered
Your Score History
You have not taken this quiz